| 000 | 00963nas a2200313 4500 | ||
|---|---|---|---|
| 001 | BR2015006917 | ||
| 003 | BR-BrBNA | ||
| 005 | 20231205125947.0 | ||
| 007 | ta | ||
| 008 | 230509b bl.|||p| |||| 00| 00por d | ||
| 040 |
_aBR-BrBNA _bpor _cBiblioteca Nacional de Agricultura |
||
| 041 | _a(En) | ||
| 072 | _aL20 | ||
| 100 | 1 | _aCosta, H. | |
| 100 | 1 | _aTalora, D. C. | |
| 100 | 1 | _aPalma, M.S. | |
| 100 | 1 | _aChaud-Netto, J. | |
| 245 | 1 | _aChemical communication in apis mellifera: temporal modulation of alarm behaviors | |
| 650 | _aABELHA | ||
| 650 | _aAPIS MELLIFERA | ||
| 650 | _aECOLOGIA ANIMAL | ||
| 650 | _aCOMPORTAMENTO ANIMAL | ||
| 650 | _aREACAO QUIMICA | ||
| 650 | _aDEFESA ANIMAL | ||
| 773 | 0 |
_tJournal of Venomous Animals and Toxins (Brazil) _xISSN 1678-4936 _g(1996), v. 2(1) p. 39-45 _wBR2015006917 |
|
| 856 | 4 | 0 | _uhttp://dx.doi.org/10.1590/S0104-79301996000100005 |
| 909 |
_a202311 _bLúcia _c55 _dLúcia Elande |
||
| 942 |
_2AGRIS _n0 _cANA |
||
| 999 |
_c247125 _d247125 |
||